000 00533nam a2200181Ia 4500
008 090630s9999 xx 000 0 und d
082 _b23728
100 _aपरदेशी दिलीप.
245 _aभैरवी.
_cपरदेशी दिलीप.
260 _bमेहता.
_c1999
300 _a70
600 _aपरदेशी दिलीप.
630 _aभैरवी.
655 _aनाटक.
700 _aपरदेशी दिलीप.
730 _aभैरवी.
942 _cBOOK
999 _c275584
_d275584